Т. 2; Склеивание в машиностроении

গ্রন্থ-পঞ্জীর বিবরন
Parent link:Склеивание в машиностроении: справочник: в 2 т./ под ред. Г. В. Малышевой. Т. 2.— , 2005.— 5-93952-023-5
সংক্ষিপ্ত:Во втором томе справочника собраны и систематизированы сведения об основных характеристиках отечественных клеев и герметиков. Приведены режимы склеивания, сведения о разработчиках и производителях, технологические, механические и электрофизические свойства клеев и герметиков, указаны области их применения. Содержатся сведения о стандартных методах испытаний, ASTM, DIN и перечень ГОСТов по клеям, типовые инструкции по их применению и толковый словарь терминов. Справочник предназначен для инженерно-технических работников, студентов вузов, а также для широкого круга читателей, которые в своей практической деятельности связаны с использованием клеев и герметиков.
ভাষা:রুশ
প্রকাশিত: 2005
বিষয়গুলি:
বিন্যাস: গ্রন্থ
KOHA link:https://koha.lib.tpu.ru/cgi-bin/koha/opac-detail.pl?biblionumber=187403

MARC

LEADER 00000nam2a2200000 4500
001 187403
005 20231101224049.0
010 |a 593952026X 
035 |a (RuTPU)RU\TPU\book\203358 
035 |a RU\TPU\book\196585 
090 |a 187403 
100 |a 20101115d2005 km y0rusy50 ca 
101 0 |a rus 
102 |a RU 
105 |a y g 001zy 
200 0 |a Т. 2 
210 |d 2005 
215 |a 244 с. 
320 |a Словарь терминов: с. 208-239. 
320 |a Указатель марок: с. 240-243. 
330 |a Во втором томе справочника собраны и систематизированы сведения об основных характеристиках отечественных клеев и герметиков. Приведены режимы склеивания, сведения о разработчиках и производителях, технологические, механические и электрофизические свойства клеев и герметиков, указаны области их применения. Содержатся сведения о стандартных методах испытаний, ASTM, DIN и перечень ГОСТов по клеям, типовые инструкции по их применению и толковый словарь терминов. Справочник предназначен для инженерно-технических работников, студентов вузов, а также для широкого круга читателей, которые в своей практической деятельности связаны с использованием клеев и герметиков. 
461 1 |0 (RuTPU)RU\TPU\book\203570  |y 5-93952-023-5  |t Склеивание в машиностроении  |o справочник: в 2 т.  |f под ред. Г. В. Малышевой  |v Т. 2  |d 2005 
606 1 |a Детали машин  |x Склеивание  |2 stltpush  |3 (RuTPU)RU\TPU\subj\9220  |9 36496 
610 1 |a машиностроение 
610 1 |a склеивание 
610 1 |a технологичность 
610 1 |a эксплуатационные показатели 
610 1 |a клеи 
610 1 |a герметики 
610 1 |a клеевые соединения 
610 1 |a стандарты 
610 1 |a клеевые материалы 
610 1 |a типовые технологические инструкции 
610 1 |a справочники 
675 |a 621.792(035)  |v 3 
801 1 |a RU  |b 63413507  |c 20100607 
801 2 |a RU  |b 63413507  |c 20131118  |g RCR 
942 |c BK 
959 |a 39/20100607  |d 1  |e 5000,00  |f ЧЗТЛ:1